000 00398nam a22001457a 4500
005 20200610110428.0
008 200610b xxu||||| |||| 00| 0 eng d
082 _a345.4 AIR
110 _aALL INDIA REPORTER
_95899
245 _aALL INDIA REPORTER , 1961 (VOL-48) SUPREME COURT SECTION
260 _aBOMBAY
_bALL INDIA REPORTER, PVT LTD.
300 _a1824;p
650 _aLAW
_95701
942 _cJRL
999 _c6961
_d6959